MARC

LEADER 00000nam0a2200000 4500
001 307009
005 20231102001942.0
020 |a RU  |b 83-52253 
035 |a (RuTPU)RU\TPU\book\332287 
090 |a 307009 
100 |a 20151014d1983 km y0rusy5003 ca 
101 0 |a rus 
102 |a RU 
105 |a a g 000zy 
200 1 |a Справочник молодого слесаря по изготовлению и монтажу вентиляционных систем  |f Ю. С. Краснов, П. А. Овчинников 
210 |a Москва  |c Высшая школа  |d 1983 
215 |a 161 с.  |c ил. 
225 1 |a Профессионально-техническое образование 
300 |a На обл. авт. не указаны 
606 1 |a Вентиляционные системы  |x Строительные конструкции  |2 stltpush  |3 (RuTPU)RU\TPU\subj\2208  |9 30801 
610 1 |a монтаж 
610 1 |a справочники 
610 1 |a изготовление 
610 1 |a материалы 
610 1 |a оборудование 
610 1 |a воздуховоды 
610 1 |a типовые детали 
675 |a 697.912(035)  |z rus  |v 3 
700 1 |a Краснов  |b Ю. С.  |g Юрий Степанович  |4 070 
701 1 |a Овчинников  |b П. А.  |g Петр Александрович  |4 070 
801 0 |a RU  |b RuMRKP  |c 19950704  |g psbo 
801 1 |a RU  |b 63413507  |c 20151014 
801 2 |a RU  |b 63413507  |c 20180703  |g RCR 
942 |c BK